| 000 | 00643nam a2200205Ia 4500 | ||
|---|---|---|---|
| 001 | 7566 | ||
| 003 | GE_BSU | ||
| 008 | 181216s||||||||xx |||||||||||||| ||und|| | ||
| 040 | _cGE_BSU | ||
| 080 | _a811.161.1(075.8) | ||
| 100 | _aИмнадзе,Б. Бегиашвили,В. Кавтврвдзе,Е. | ||
| 245 | _aКурс практической фонетики русского языка. | ||
| 245 | _bУчебник. | ||
| 260 | _aТб. | ||
| 260 | _bГанатлеба. | ||
| 260 | _c1986. | ||
| 300 | _a186стр.20 см. | ||
| 653 | _aКурс практической фонетики русского языка. | ||
| 942 | _cBK | ||
| 999 |
_c40921 _d40921 |
||